| 000 | 01439cam1a220022900 4500 | ||
|---|---|---|---|
| 001 | tmp15416286 | ||
| 003 | UPRA | ||
| 005 | 20190830121205.0 | ||
| 008 | 950809s1952 be fre u | ||
| 035 | _a(Sirsi) r29185 | ||
| 035 | _a(UPRA)tmp15416286 | ||
| 040 | _cUPRA | ||
| 100 | 1 |
_aHiernaux, Jean. _6A49068.1 |
|
| 245 | 1 | 3 | _aLa genetique de la sicklemie et l'inter^et anthropologique de sa frequence en Afrique noire. |
| 260 |
_aTervuren, _c1952. |
||
| 490 | 1 |
_aAnnales du Musee Royal du Congo Belge. Ser. in 8 , Sciences de l'homme. Anthropologie ; _vv. 2 |
|
| 504 | _aBibliography: p. 41-42. | ||
| 650 | 0 |
_aSickle cell anemia -- Africa. _zSickle cell anemia -- Africa. _6S67052.1 |
|
| 810 | 1 |
_aTervuren (Belgium). Musee Royal du Congo Belge. Annales. Ser. in 8 , Sciences de l'homme. Anthropologie ; _bTervuren (Belgium). Musee Royal du Congo Belge. Annales. Ser. in 8 , Sciences de l'homme. Anthropologie ; _tTervuren (Belgium). Musee Royal du Congo Belge. Annales. Ser. in 8 , Sciences de l'homme. Anthropologie ; _nTervuren (Belgium). Musee Royal du Congo Belge. Annales. Ser. in 8 , Sciences de l'homme. Anthropologie ; _pTervuren (Belgium). Musee Royal du Congo Belge. Annales. Ser. in 8 , Sciences de l'homme. Anthropologie ; _pTervuren (Belgium). Musee Royal du Congo Belge. Annales. Ser. in 8 , Sciences de l'homme. Anthropologie ; _vv. 2. _6S14125.1 |
|
| 949 |
_aDT641.M8 _wlcc _i-31867 _mMAIN _tBOOK _lON-SHELF |
||
| 004 | 29185 | ||
| 999 |
_c196990 _d196990 |
||